[Event "GER-chT WK 3 U16"]
[Site "Kiel"]
[Date "2007.05.17"]
[Round "6.4"]
[White "Brandstetter, Vincent"]
[Black "Doerich, Benjamin"]
[Result "0-1"]
[WhiteElo "1043"]
[BlackElo "1172"]
[PlyCount "84"]
[EventDate "2007.05.17"]
[EventType "team-swiss"]
[EventRounds "7"]
[EventCountry "GER"]
[SourceTitle "EXT 2008"]
[Source "ChessBase"]
[SourceDate "2007.11.25"]
[SourceVersion "1"]
[SourceVersionDate "2007.11.25"]
[SourceQuality "1"]

1. e4 c5 2. Nf3 Nc6 3. d4 cxd4 4. Nxd4 d6 5. Nc3 a6 6. Be2 Nf6 7. Be3 e6 8. Bh5 Be7 9. Bg5 Nxd4 10. Qxd4 Nxh5 11. Bxe7 Qxe7 12. g4 Nf6 13. g5 Nh5 14. h4 f6 15. Qd1 g6 16. gxf6 Qxf6 17. Qxd6 Qe7 18. Qe5 Rf8 19. Rf1 Qf6 20. Qh2 Qf4 21. Qg2 Qxh4 22. 0-0-0 Qf4+ 23. Kb1 Bd7 24. Ne2 Qf3 25. Qxf3 Rxf3 26. Rd6 Ke7 27. e5 Raf8 28. Rfd1 Rd8 29. Rf1 Bc6 30. Ng1 Rxd6 31. exd6+ Kxd6 32. Nxf3 Bxf3 33. Re1 Nf4 34. Re3 Bd5 35. b3 h5 36. Rg3 h4 37. Rg4 h3 38. Rh4 Ke5 39. c4 Bc6 40. Kc1 Ke4 41. Kd1 Kf3 42. Ke1 Ng2+ 0-1

[Event "GER-chT WK 3 U16"]
[Site "Kiel"]
[Date "2007.05.17"]
[Round "2.4"]
[White "Schmitt, Katrin"]
[Black "Brandstetter, Vincent"]
[Result "1-0"]
[WhiteElo "1409"]
[BlackElo "1043"]
[PlyCount "63"]
[EventDate "2007.05.17"]
[EventType "team-swiss"]
[EventRounds "7"]
[EventCountry "GER"]
[SourceTitle "EXT 2008"]
[Source "ChessBase"]
[SourceDate "2007.11.25"]
[SourceVersion "1"]
[SourceVersionDate "2007.11.25"]
[SourceQuality "1"]

1. e4 c5 2. b3 e6 3. Bb2 Nf6 4. e5 Nd5 5. Nf3 Nc6 6. Be2 d6 7. 0-0 Qc7 8. exd6 Bxd6 9. c4 Nf4 10. Nc3 Nxe2+ 11. Qxe2 Qe7 12. Rad1 e5 13. Nb5 e4 14. Nxd6+ Qxd6 15. Qxe4+ Be6 16. d4 Rd8 17. d5 0-0 18. Rde1 Bg4 19. Qxg4 g6 20. dxc6 bxc6 21. Qg5 f6 22. Qc1 Rd7 23. Rd1 Qe7 24. Rfe1 Rxd1 25. Qxd1 Qg7 26. Ng5 Qc7 27. Ne6 Qf7 28. Nxf8 Qxf8 29. Qd7 Qf7 30. Re7 Qxe7 31. Qxe7 Kh8 32. Qf8# 1-0